Libro de resúmenes: XXVII reunión anual Sociedad Chilena de Producción AnimaL, SOCHIPA A.G

Saved in:
Bibliografiske detaljer
Main Authors: Doussoulin G., Marcelo (Author), Wells M., Guillermo (Author)
Format: Bog
Sprog:spansk
Udgivet: Chillán Universidad de Concepción 2002
Fag:
Tags: Tilføj Tag
Ingen Tags, Vær først til at tagge denne postø!

MARC

LEADER 00000nam a2200000 a 4500
001 UCL5213
003 CL-VaPUC
005 20241115125352.0
008 040305e20020000cl 1 spa d
082 0 4 |a 636  |b DOU  |2 21 
100 1 |a Doussoulin G., Marcelo  |e author  |9 620531 
700 1 |a Wells M., Guillermo  |e author  |9 620532 
245 1 0 |a Libro de resúmenes: XXVII reunión anual Sociedad Chilena de Producción AnimaL, SOCHIPA A.G 
260 |a Chillán  |b Universidad de Concepción  |c 2002 
300 |a 212 p 
583 |a last modification  |c 20190822 04:11:46  |k Rodrigo Vera 
650 0 7 |a PRODUCCION ANIMAL  |2 CL-VaPUC  |9 620533 
650 0 7 |a CULTIVOS FORRAJEROS  |2 CL-VaPUC  |9 372485 
650 0 0 |a Nutrición animal  |9 389503 
650 0 7 |a GENETICA ANIMAL  |2 CL-VaPUC  |9 261227 
942 |c BK 
945 |a cmena  |d 20040305 00:00:00 
546 |a En Español 
536 |a Universidad de Concepción 
536 |a SOCHIPA A.G 
518 |p Reunión Anual Sociedad Chilena de Producción Animal SOCHIPA A.G., 27, Chillán, 2 al 4 de octubre de 2002 
999 |c 384001  |d 383999